Elektronische Rechenanlagen

Na minha lista:
Detalhes bibliográficos
Formato: Periódico
Idioma:alemão
Publicado em: München Oldenbourg
Tags: Adicionar Tag
Sem tags, seja o primeiro a adicionar uma tag!

MARC

LEADER 00000nas1a2200000$$$4500
001 0009937
005 20250826113653.9
041 0 |a ger 
044 |a DE 
245 1 0 |a Elektronische Rechenanlagen 
264 1 |a München  |b Oldenbourg